000 00483cam a2200157 a 4500
020 _a9781452217703 (pbk.)
020 _a145221770X (pbk.)
050 0 0 _aHA32
_b.W34 2013
100 1 _aWagner, William E.
245 1 0 _aUsing IBM SPSS statistics for research methods and social science statistics /
_cWilliam E. Wagner, III.
250 _a4th ed.
260 _aThousand Oaks, Calif. :
_bSAGE,
_cc2013.
300 _aix, 156 p. :
650 0 _xStatistical methods.
942 _2lcc
_cGEN
999 _c11143
_d11143